Le Tourisme au Pérou à l'époque de Fujimori: entre décomposition et recomposition /

Guardado en:
書目詳細資料
主要作者: Raymond, Nathalie
格式: Texto
標簽: 添加標簽
沒有標簽, 成為第一個標記此記錄!

MARC

LEADER 00000 a a2200000 04500
001 8988
003
040
100 |a Raymond, Nathalie  
245 |a Le Tourisme au Pérou à l'époque de Fujimori:   |b entre décomposition et recomposition /  |c Nathalie Raymond  
773 |g número 190; páginas 77-86  
999 |c 20093  |d 20093